La naissance de la grammaire dans l'Antiquité grecque.
שמור ב:
| מחבר ראשי: | |
|---|---|
| פורמט: | ספר |
| שפה: | אנגלית |
| יצא לאור: |
Paris, France:
Librairie Philosophique J.Vrin,
1997.
|
| סדרה: | Historie des Doctrines de l'antiquité classique,
XX. |
| נושאים: | |
| תגים: |
הוספת תג
אין תגיות, היה/י הראשונ/ה לתייג את הרשומה!
|
MARC
| LEADER | 00000nam a22000007a 4500 | ||
|---|---|---|---|
| 003 | CL-VaPUC | ||
| 005 | 20220822114434.0 | ||
| 008 | 220316t1997 ||||| |||| 00| 0 eng d | ||
| 999 | |c 434871 |d 434869 | ||
| 020 | |a 2-7116-1311-9 | ||
| 022 | |a 0153-0828 | ||
| 040 | |c Pontificia Universidad Católica de Valparaíso | ||
| 082 | |a 485 ILD 1997 |2 22 | ||
| 100 | |a Ildefonse, Frédérique |9 867232 |e auteur | ||
| 245 | |a La naissance de la grammaire dans l'Antiquité grecque. | ||
| 260 | |a Paris, France: |b Librairie Philosophique J.Vrin, |c 1997. | ||
| 300 | |a 490 páginas. | ||
| 490 | |a Historie des Doctrines de l'antiquité classique, |v XX. | ||
| 500 | |a c.1 Donación Familia Prof. Alejandro Guzmán Brito. | ||
| 511 | |a Ouvrage publié avec le concours de l'Association des anciens des anciens pensionnaires et amis de la Fondation Thiers. | ||
| 583 | |c 20220316 |k Yessy Stephany Diaz Vidal | ||
| 650 | |a Gramática |x Historia antigua |9 869579 | ||
| 650 | |a Gramática |x Grecia antigua |9 869580 | ||
| 942 | |2 ddc |c BK |n 0 | ||
| 952 | |0 0 |1 0 |2 ddc |4 0 |6 485_000000000000000_ILD_1997 |7 0 |8 C_AGB |9 581882 |a BIBDER |b BIBDER |d 2022-03-16 |e Donación |i 5650121 |o 485 ILD 1997 |p 5650121 |r 2023-01-25 |t 1 |w 2022-03-16 |y BK_US |k AGB | ||